| 000 | 00632cas a2200205Ii 4500 | ||
|---|---|---|---|
| 020 | _a9789211207170 | ||
| 022 | _a02525704 | ||
| 040 | _cCUY | ||
| 082 | _aESC ASI 2016 C336 Or. | ||
| 245 | 0 | 0 | _aAsia-Pacific countries with special needs development report 2016 |
| 300 |
_avolumes : _billustrations (some color) ; _c27-28 cm |
||
| 500 | _aIssues also have thematic titles | ||
| 500 | _a"Sales No. E.15.II.F..." | ||
| 650 | 0 | _aSustainable development | |
| 650 | 0 | _aSustainable development | |
| 650 | 0 | _aEconomic development projects | |
| 650 | 0 | _aEconomic development projects | |
| 710 | 2 | _aUnited Nations. | |
| 942 | _cAEDBB | ||
| 999 |
_c22023 _d22023 |
||